[Event "DEM U8 2025"]
[Site "Willingen GER"]
[Date "2025.06.11"]
[Round "2"]
[White "Gur, Jascha"]
[Black "Pott, Philipp"]
[Result "1-0"]
[Termination "normal"]
[Board "21"]
[WhiteElo "1086"]
[BlackElo "994"]
[WhiteClock "00:44:16"]
[BlackClock "00:51:47"]
[PlyCount "69"]
[BlackFideId "533031975"]
[EventCountry "GER"]
[EventRounds "7"]
[EventType "swiss"]
[EventDate "2025.06.10"]

1. e4 {[%clk 01:00:29]} {[%emt 00:02:47]} c5 {[%clk 01:00:20]} {[%emt
00:00:10]} 2. c3 {[%clk 01:00:34]} {[%emt 00:00:12]} Nf6 {[%clk 01:00:25]}
{[%emt 00:00:09]} 3. e5 {[%clk 01:00:24]} {[%emt 00:00:25]} Nd5 {[%clk
01:00:04]} {[%emt 00:00:35]} 4. d4 {[%clk 01:00:25]} {[%emt 00:00:13]} cxd4
{[%clk 01:00:13]} {[%emt 00:00:08]} 5. cxd4 {[%emt 00:00:06]} Nc6 {[%emt
00:00:07]} 6. Nf3 {[%clk 00:59:38]} {[%emt 00:00:48]} g6 {[%clk 01:00:07]}
{[%emt 00:00:22]} 7. Bc4 {[%clk 00:59:15]} {[%emt 00:00:39]} Nb6 {[%clk
01:00:11]} {[%emt 00:00:09]} 8. Bb3 {[%clk 00:59:24]} {[%emt 00:00:08]} Bg7
{[%clk 01:00:12]} {[%emt 00:00:13]} 9. Nc3 {[%clk 00:58:12]} {[%emt 00:01:27]}
O-O {[%clk 00:59:53]} {[%emt 00:00:34]} 10. Bf4 {[%clk 00:57:52]} {[%emt
00:00:28]} Re8 {[%clk 00:59:43]} {[%emt 00:00:32]} 11. Qd2 {[%clk 00:57:40]}
{[%emt 00:00:26]} d6 {[%clk 00:59:43]} {[%emt 00:00:15]} 12. O-O-O {[%clk
00:56:39]} {[%emt 00:01:14]} dxe5 {[%emt 00:02:14]} 13. Nxe5 {[%clk 00:55:01]}
{[%emt 00:00:06]} Bf5 {[%clk 00:58:11]} {[%emt 00:01:37]} 14. Bxf7+ {[%clk
00:54:31]} {[%emt 00:00:40]} Kf8 {[%clk 00:57:59]} {[%emt 00:00:32]} 15. Bxe8
{[%clk 00:54:28]} {[%emt 00:00:18]} Nxe5 {[%clk 00:57:56]} {[%emt 00:00:19]}
16. Bxe5 {[%clk 00:53:48]} {[%emt 00:00:56]} Nc4 {[%clk 00:57:19]} {[%emt
00:00:52]} 17. Bxg7+ {[%clk 00:53:19]} {[%emt 00:00:43]} Kxg7 {[%clk 00:57:22]}
{[%emt 00:00:11]} 18. Qe2 {[%clk 00:52:53]} {[%emt 00:00:41]} Qxe8 {[%clk
00:56:49]} {[%emt 00:00:50]} 19. Qxc4 {[%clk 00:52:39]} {[%emt 00:00:27]} Rc8
{[%clk 00:56:06]} {[%emt 00:00:59]} 20. Qd5 {[%clk 00:52:06]} {[%emt 00:00:36]}
b5 {[%clk 00:55:26]} {[%emt 00:01:07]} 21. a3 {[%clk 00:51:02]} {[%emt
00:01:19]} a5 {[%clk 00:55:20]} {[%emt 00:00:21]} 22. Kd2 {[%clk 00:50:23]}
{[%emt 00:00:53]} b4 {[%clk 00:55:18]} {[%emt 00:00:18]} 23. axb4 {[%clk
00:50:12]} {[%emt 00:00:24]} axb4 {[%clk 00:55:09]} {[%emt 00:00:26]} 24. Qe5+
{[%clk 00:49:50]} {[%emt 00:00:32]} Kg8 {[%clk 00:54:41]} {[%emt 00:00:48]} 25.
Nd5 {[%clk 00:48:47]} {[%emt 00:01:14]} Rc2+ {[%clk 00:54:29]} {[%emt
00:00:31]} 26. Ke3 {[%clk 00:47:07]} {[%emt 00:01:54]} Rxb2 {[%clk 00:52:36]}
{[%emt 00:02:09]} 27. Nxe7+ {[%clk 00:46:58]} {[%emt 00:00:23]} Kf7 {[%clk
00:52:31]} {[%emt 00:00:20]} 28. Nxf5 {[%clk 00:46:27]} {[%emt 00:00:41]} Rb3+
{[%clk 00:52:31]} {[%emt 00:00:20]} 29. Rd3 {[%clk 00:46:05]} {[%emt 00:00:34]}
Qxe5+ {[%clk 00:52:11]} {[%emt 00:00:39]} 30. dxe5 {[%clk 00:45:50]} {[%emt
00:00:30]} Rxd3+ {[%clk 00:52:02]} {[%emt 00:00:24]} 31. Kxd3 {[%clk 00:45:25]}
{[%emt 00:00:38]} gxf5 {[%clk 00:52:04]} {[%emt 00:00:15]} 32. Rb1 {[%clk
00:44:54]} {[%emt 00:00:46]} Ke6 {[%clk 00:51:46]} {[%emt 00:00:33]} 33. f4
{[%clk 00:44:49]} {[%emt 00:00:18]} Kd5 {[%clk 00:51:51]} {[%emt 00:00:11]} 34.
Rxb4 {[%clk 00:44:43]} {[%emt 00:00:21]} Kc5 {[%clk 00:51:47]} {[%emt
00:00:20]} 35. Rc4+ {[%clk 00:44:16]} {[%emt 00:00:42]} 1-0

[Event "DEM U8 2025"]
[Site "Willingen GER"]
[Date "2025.06.11"]
[Round "2"]
[White "Falck, Aaron"]
[Black "Wahlhäuser, Jari"]
[Result "0-1"]
[Termination "normal"]
[Board "22"]
[WhiteElo "989"]
[BlackElo "1083"]
[WhiteClock "00:21:59"]
[BlackClock "00:35:42"]
[PlyCount "64"]
[WhiteFideId "533031002"]
[EventCountry "GER"]
[EventRounds "7"]
[EventType "swiss"]
[EventDate "2025.06.10"]

1. e4 {[%clk 01:00:28]} {[%emt 00:00:01]} e5 {[%clk 01:00:23]} {[%emt
00:00:09]} 2. Nf3 {[%clk 01:00:39]} {[%emt 00:00:03]} Nc6 {[%clk 01:00:16]}
{[%emt 00:00:22]} 3. d4 {[%clk 01:00:41]} {[%emt 00:00:13]} f6 {[%clk
00:56:00]} {[%emt 00:04:30]} 4. Bc4 {[%clk 00:56:34]} {[%emt 00:04:23]} Nge7
{[%clk 00:54:38]} {[%emt 00:01:37]} 5. O-O {[%clk 00:55:55]} {[%emt 00:00:53]}
d5 {[%clk 00:51:21]} {[%emt 00:03:32]} 6. exd5 {[%clk 00:51:27]} {[%emt
00:04:44]} Nxd5 {[%clk 00:49:51]} {[%emt 00:01:45]} 7. dxe5 {[%clk 00:49:34]}
{[%emt 00:02:07]} Be6 {[%clk 00:48:10]} {[%emt 00:01:56]} 8. exf6 {[%clk
00:48:43]} {[%emt 00:01:06]} gxf6 {[%clk 00:47:31]} {[%emt 00:00:55]} 9. Re1
{[%clk 00:48:25]} {[%emt 00:00:33]} Qd7 {[%clk 00:45:26]} {[%emt 00:02:16]} 10.
Bxd5 {[%clk 00:48:15]} {[%emt 00:00:28]} O-O-O {[%clk 00:44:21]} {[%emt
00:01:20]} 11. Nc3 {[%clk 00:47:54]} {[%emt 00:00:36]} Bxd5 {[%clk 00:43:49]}
{[%emt 00:00:47]} 12. Nxd5 {[%clk 00:47:24]} {[%emt 00:00:45]} Qxd5 {[%clk
00:43:20]} {[%emt 00:00:44]} 13. Bd2 {[%clk 00:43:19]} {[%emt 00:04:20]} Bc5
{[%clk 00:39:40]} {[%emt 00:03:56]} 14. Qc1 {[%clk 00:39:07]} {[%emt 00:04:27]}
Rhg8 {[%clk 00:39:02]} {[%emt 00:00:53]} 15. Bf4 {[%clk 00:34:36]} {[%emt
00:04:42]} Nd4 {[%emt 00:01:07]} 16. Kf1 {[%clk 00:30:34]} {[%emt 00:04:14]}
Nxf3 {[%clk 00:37:05]} {[%emt 00:01:26]} 17. gxf3 {[%clk 00:28:54]} {[%emt
00:01:55]} Qxf3 {[%clk 00:36:30]} {[%emt 00:00:49]} 18. Bg3 {[%clk 00:28:37]}
{[%emt 00:00:32]} Rxg3 {[%clk 00:36:11]} {[%emt 00:00:34]} 19. Qe3 {[%clk
00:26:29]} {[%emt 00:02:23]} Bxe3 {[%clk 00:35:57]} {[%emt 00:00:31]} 20. Rxe3
{[%clk 00:26:23]} {[%emt 00:00:21]} Rd1+ {[%clk 00:35:25]} {[%emt 00:00:47]}
21. Rxd1 {[%emt 00:00:47]} Qxd1+ {[%emt 00:00:21]} 22. Re1 {[%clk 00:25:00]}
{[%emt 00:00:28]} Rg1+ {[%clk 00:35:16]} {[%emt 00:00:25]} 23. Kxg1 {[%clk
00:24:58]} {[%emt 00:00:16]} Qxe1+ {[%clk 00:35:14]} {[%emt 00:00:19]} 24. Kg2
{[%clk 00:24:45]} {[%emt 00:00:28]} Kd7 {[%clk 00:35:07]} {[%emt 00:00:22]} 25.
f4 {[%clk 00:24:37]} {[%emt 00:00:21]} Qe2+ {[%clk 00:35:10]} {[%emt 00:00:14]}
26. Kg3 {[%clk 00:24:35]} {[%emt 00:00:16]} Ke6 {[%clk 00:35:13]} {[%emt
00:00:13]} 27. h4 {[%clk 00:23:33]} {[%emt 00:01:17]} Kf5 {[%clk 00:35:18]}
{[%emt 00:00:09]} 28. h5 {[%clk 00:23:14]} {[%emt 00:00:34]} Qg4+ {[%clk
00:35:20]} {[%emt 00:00:12]} 29. Kf2 {[%clk 00:23:05]} {[%emt 00:00:25]} Kxf4
{[%clk 00:35:24]} {[%emt 00:00:11]} 30. h6 {[%clk 00:23:00]} {[%emt 00:00:20]}
Qf3+ {[%clk 00:35:32]} {[%emt 00:00:08]} 31. Ke1 {[%clk 00:22:53]} {[%emt
00:00:22]} Ke3 {[%clk 00:35:34]} {[%emt 00:00:12]} 32. c4 {[%clk 00:21:59]}
{[%emt 00:01:10]} Qe2# {[%clk 00:35:42]} {[%emt 00:00:07]} 0-1

[Event "DEM U8 2025"]
[Site "Willingen GER"]
[Date "2025.06.14"]
[Round "7"]
[White "Ju, Eric Zirui"]
[Black "Kovacs, David"]
[Result "1-0"]
[Termination "normal"]
[Board "2"]
[WhiteElo "1563"]
[BlackElo "1358"]
[WhiteClock "00:46:04"]
[BlackClock "00:37:54"]
[PlyCount "59"]
[WhiteFideId "533011192"]
[BlackFideId "533004005"]
[EventCountry "GER"]
[EventRounds "7"]
[EventType "swiss"]
[EventDate "2025.06.10"]

1. e4 {[%clk 01:00:28]} {[%emt 00:00:01]} e5 {[%clk 01:00:23]} {[%emt
00:00:08]} 2. Nf3 {[%clk 01:00:36]} {[%emt 00:00:06]} Nc6 {[%clk 01:00:33]}
{[%emt 00:00:06]} 3. d4 {[%clk 01:00:45]} {[%emt 00:00:07]} exd4 {[%clk
01:00:38]} {[%emt 00:00:09]} 4. Bc4 {[%clk 01:00:51]} {[%emt 00:00:09]} Nf6
{[%clk 01:00:47]} {[%emt 00:00:06]} 5. O-O {[%clk 01:00:55]} {[%emt 00:00:10]}
Bc5 {[%clk 01:00:29]} {[%emt 00:00:34]} 6. e5 {[%clk 01:00:37]} {[%emt
00:00:33]} d5 {[%clk 01:00:32]} {[%emt 00:00:12]} 7. exd6 {[%emt 00:01:15]}
Bxd6 {[%clk 01:00:00]} {[%emt 00:00:45]} 8. Re1+ {[%clk 00:59:33]} {[%emt
00:00:20]} Be7 {[%clk 00:59:40]} {[%emt 00:00:36]} 9. Bb5 {[%clk 00:59:15]}
{[%emt 00:00:34]} Bg4 {[%clk 00:58:28]} {[%emt 00:01:27]} 10. Qd3 {[%clk
00:57:20]} {[%emt 00:02:09]} O-O {[%clk 00:56:53]} {[%emt 00:01:50]} 11. Bxc6
{[%clk 00:57:10]} {[%emt 00:00:26]} bxc6 {[%clk 00:56:59]} {[%emt 00:00:08]}
12. Nxd4 {[%clk 00:56:57]} {[%emt 00:00:27]} c5 {[%clk 00:56:11]} {[%emt
00:01:04]} 13. Nc6 {[%clk 00:56:54]} {[%emt 00:00:18]} Qxd3 {[%clk 00:54:38]}
{[%emt 00:01:49]} 14. Nxe7+ {[%clk 00:56:46]} {[%emt 00:00:22]} Kh8 {[%clk
00:54:42]} {[%emt 00:00:11]} 15. cxd3 {[%clk 00:56:56]} {[%emt 00:00:05]} Rfe8
{[%clk 00:54:21]} {[%emt 00:00:36]} 16. Bd2 {[%clk 00:55:15]} {[%emt 00:01:56]}
Bd7 {[%clk 00:53:04]} {[%emt 00:01:32]} 17. Nc3 {[%clk 00:54:17]} {[%emt
00:01:13]} c6 {[%clk 00:52:27]} {[%emt 00:00:52]} 18. Na4 {[%clk 00:52:01]}
{[%emt 00:02:32]} c4 {[%clk 00:48:53]} {[%emt 00:03:49]} 19. dxc4 {[%clk
00:51:28]} {[%emt 00:00:47]} Rad8 {[%clk 00:48:39]} {[%emt 00:00:28]} 20. Ba5
{[%clk 00:50:14]} {[%emt 00:01:30]} Rb8 {[%clk 00:45:57]} {[%emt 00:02:57]} 21.
Nc5 {[%clk 00:48:57]} {[%emt 00:01:33]} Be6 {[%clk 00:44:45]} {[%emt 00:01:27]}
22. Nxe6 {[%clk 00:47:45]} {[%emt 00:01:27]} fxe6 {[%clk 00:44:52]} {[%emt
00:00:08]} 23. Rxe6 {[%emt 00:01:46]} Ng8 {[%clk 00:43:07]} {[%emt 00:01:46]}
24. Rae1 {[%clk 00:46:01]} {[%emt 00:00:41]} Nxe7 {[%clk 00:41:32]} {[%emt
00:01:51]} 25. Rxe7 {[%emt 00:00:17]} Rxe7 {[%clk 00:41:19]} {[%emt 00:00:27]}
26. Rxe7 {[%clk 00:46:08]} {[%emt 00:00:07]} Kg8 {[%clk 00:41:30]} {[%emt
00:00:06]} 27. Bc3 {[%clk 00:46:03]} {[%emt 00:00:18]} Rd8 {[%clk 00:40:12]}
{[%emt 00:01:33]} 28. g3 {[%clk 00:45:59]} {[%emt 00:00:19]} Rd1+ {[%clk
00:38:34]} {[%emt 00:01:53]} 29. Kg2 {[%clk 00:46:02]} {[%emt 00:00:12]} Kf8
{[%clk 00:37:54]} {[%emt 00:00:54]} 30. Rxg7 {[%clk 00:46:04]} {[%emt
00:00:14]} 1-0

[Event "DEM U8 2025"]
[Site "Willingen GER"]
[Date "2025.06.14"]
[Round "7"]
[White "Derr, Georg"]
[Black "Subenko, Alexander"]
[Result "0-1"]
[Termination "normal"]
[Board "3"]
[WhiteElo "1586"]
[BlackElo "1714"]
[WhiteClock "00:16:57"]
[BlackClock "00:13:31"]
[PlyCount "126"]
[WhiteFideId "533010501"]
[BlackFideId "533017077"]
[EventCountry "GER"]
[EventRounds "7"]
[EventType "swiss"]
[EventDate "2025.06.10"]

1. e4 {[%clk 01:00:27]} {[%emt 00:00:02]} d5 {[%clk 01:00:25]} {[%emt
00:00:06]} 2. d3 {[%clk 01:00:23]} {[%emt 00:00:19]} dxe4 {[%clk 01:00:27]}
{[%emt 00:00:12]} 3. dxe4 {[%clk 01:00:25]} {[%emt 00:00:13]} Qxd1+ {[%clk
01:00:33]} {[%emt 00:00:10]} 4. Kxd1 {[%clk 01:00:26]} {[%emt 00:00:10]} Nc6
{[%clk 01:00:43]} {[%emt 00:00:08]} 5. Bb5 {[%clk 00:59:40]} {[%emt 00:01:02]}
Bd7 {[%clk 01:00:45]} {[%emt 00:00:13]} 6. c3 {[%clk 00:59:37]} {[%emt
00:00:17]} O-O-O {[%clk 01:00:24]} {[%emt 00:00:37]} 7. Kc2 {[%clk 00:59:03]}
{[%emt 00:00:48]} Nf6 {[%clk 00:59:49]} {[%emt 00:00:51]} 8. f3 {[%clk
00:58:58]} {[%emt 00:00:18]} Nb4+ {[%clk 00:59:33]} {[%emt 00:00:32]} 9. cxb4
{[%clk 00:58:49]} {[%emt 00:00:24]} Bxb5 {[%clk 00:59:42]} {[%emt 00:00:06]}
10. Nh3 {[%clk 00:56:11]} {[%emt 00:02:52]} h6 {[%clk 00:59:33]} {[%emt
00:00:25]} 11. Rd1 {[%clk 00:55:07]} {[%emt 00:01:16]} Rxd1 {[%clk 00:59:26]}
{[%emt 00:00:26]} 12. Kxd1 {[%clk 00:54:01]} {[%emt 00:01:20]} Bf1 {[%clk
00:58:36]} {[%emt 00:01:05]} 13. Ng1 {[%clk 00:53:07]} {[%emt 00:01:05]} e6
{[%clk 00:57:43]} {[%emt 00:01:13]} 14. Bd2 {[%clk 00:52:39]} {[%emt 00:00:41]}
Bd6 {[%clk 00:56:53]} {[%emt 00:01:07]} 15. g3 {[%clk 00:52:28]} {[%emt
00:00:26]} Rd8 {[%clk 00:55:49]} {[%emt 00:01:19]} 16. a3 {[%clk 00:52:31]}
{[%emt 00:00:12]} Bb5 {[%clk 00:55:13]} {[%emt 00:00:50]} 17. Nc3 {[%clk
00:51:47]} {[%emt 00:00:57]} Bd7 {[%clk 00:51:13]} {[%emt 00:04:17]} 18. Kc2
{[%clk 00:50:54]} {[%emt 00:01:08]} Be7 {[%clk 00:49:47]} {[%emt 00:01:41]} 19.
Rd1 {[%clk 00:50:12]} {[%emt 00:00:56]} h5 {[%clk 00:48:08]} {[%emt 00:01:56]}
20. Bf4 {[%clk 00:49:53]} {[%emt 00:00:32]} Rh8 {[%clk 00:47:17]} {[%emt
00:01:07]} 21. Be3 {[%clk 00:48:22]} {[%emt 00:01:45]} a6 {[%clk 00:47:16]}
{[%emt 00:00:17]} 22. e5 {[%clk 00:48:09]} {[%emt 00:00:25]} Ne8 {[%clk
00:46:37]} {[%emt 00:00:58]} 23. Nge2 {[%clk 00:47:39]} {[%emt 00:00:44]} g5
{[%clk 00:45:02]} {[%emt 00:01:50]} 24. Bf2 {[%clk 00:44:53]} {[%emt 00:03:00]}
g4 {[%clk 00:44:33]} {[%emt 00:00:46]} 25. Nd4 {[%clk 00:41:00]} {[%emt
00:04:04]} Ng7 {[%clk 00:42:49]} {[%emt 00:02:02]} 26. Kc1 {[%clk 00:37:49]}
{[%emt 00:03:25]} c6 {[%clk 00:41:53]} {[%emt 00:01:12]} 27. Ne4 {[%clk
00:33:54]} {[%emt 00:04:07]} Nf5 {[%clk 00:41:28]} {[%emt 00:00:43]} 28. f4
{[%clk 00:30:40]} {[%emt 00:03:29]} Nxd4 {[%clk 00:38:18]} {[%emt 00:03:25]}
29. Rxd4 {[%clk 00:29:26]} {[%emt 00:01:29]} Kc7 {[%clk 00:37:26]} {[%emt
00:01:08]} 30. Nc5 {[%clk 00:28:33]} {[%emt 00:01:06]} Bc8 {[%clk 00:37:22]}
{[%emt 00:00:21]} 31. Ne4 {[%clk 00:28:03]} {[%emt 00:00:42]} b6 {[%clk
00:34:18]} {[%emt 00:03:22]} 32. Rd1 {[%clk 00:27:31]} {[%emt 00:00:47]} Bb7
{[%clk 00:33:57]} {[%emt 00:00:37]} 33. Nc3 {[%clk 00:27:10]} {[%emt 00:00:35]}
h4 {[%clk 00:26:51]} {[%emt 00:07:21]} 34. Na4 {[%clk 00:26:47]} {[%emt
00:00:37]} b5 {[%clk 00:21:23]} {[%emt 00:05:46]} 35. Nc5 {[%clk 00:26:30]}
{[%emt 00:00:27]} Bxc5 {[%clk 00:20:29]} {[%emt 00:01:12]} 36. bxc5 {[%clk
00:26:22]} {[%emt 00:00:24]} hxg3 {[%clk 00:19:46]} {[%emt 00:00:55]} 37. Bxg3
{[%clk 00:25:54]} {[%emt 00:00:44]} a5 {[%clk 00:19:37]} {[%emt 00:00:25]} 38.
Kc2 {[%clk 00:24:55]} {[%emt 00:01:14]} Ra8 {[%clk 00:18:34]} {[%emt 00:01:17]}
39. Kc3 {[%clk 00:24:42]} {[%emt 00:00:27]} Bc8 {[%clk 00:18:35]} {[%emt
00:00:15]} 40. Bh4 {[%clk 00:23:52]} {[%emt 00:01:05]} Bd7 {[%clk 00:17:32]}
{[%emt 00:01:18]} 41. Bg3 {[%clk 00:23:10]} {[%emt 00:00:56]} Rf8 {[%clk
00:16:34]} {[%emt 00:01:15]} 42. f5 {[%clk 00:23:00]} {[%emt 00:00:25]} Kc8
{[%clk 00:15:49]} {[%emt 00:00:59]} 43. f6 {[%clk 00:23:05]} {[%emt 00:00:09]}
Rg8 {[%clk 00:15:41]} {[%emt 00:00:23]} 44. Rd4 {[%clk 00:22:59]} {[%emt
00:00:20]} Rg5 {[%clk 00:15:03]} {[%emt 00:00:54]} 45. Kd3 {[%clk 00:22:27]}
{[%emt 00:00:47]} Kc7 {[%clk 00:14:38]} {[%emt 00:00:43]} 46. b4 {[%clk
00:22:13]} {[%emt 00:00:27]} a4 {[%clk 00:14:31]} {[%emt 00:00:23]} 47. Ke4
{[%clk 00:21:15]} {[%emt 00:01:11]} Rf5 {[%clk 00:14:06]} {[%emt 00:00:43]} 48.
Ke3 {[%clk 00:20:55]} {[%emt 00:00:30]} Rf3+ {[%clk 00:14:11]} {[%emt
00:00:13]} 49. Ke2 {[%clk 00:20:39]} {[%emt 00:00:30]} Rxa3 {[%clk 00:14:22]}
{[%emt 00:00:08]} 50. Rxg4 {[%clk 00:20:23]} {[%emt 00:00:30]} Rb3 {[%clk
00:14:30]} {[%emt 00:00:08]} 51. Rd4 {[%clk 00:20:07]} {[%emt 00:00:29]} a3
{[%clk 00:14:04]} {[%emt 00:00:43]} 52. Rd1 {[%clk 00:19:37]} {[%emt 00:00:43]}
Rxb4 {[%clk 00:14:03]} {[%emt 00:00:16]} 53. h4 {[%clk 00:19:27]} {[%emt
00:00:24]} Ra4 {[%clk 00:13:57]} {[%emt 00:00:24]} 54. h5 {[%clk 00:19:22]}
{[%emt 00:00:17]} b4 {[%clk 00:14:06]} {[%emt 00:00:08]} 55. h6 {[%clk
00:19:30]} {[%emt 00:00:08]} b3 {[%clk 00:14:15]} {[%emt 00:00:06]} 56. h7
{[%clk 00:18:47]} {[%emt 00:00:57]} Ra8 {[%clk 00:14:19]} {[%emt 00:00:11]} 57.
Ra1 {[%clk 00:18:48]} {[%emt 00:00:16]} b2 {[%clk 00:14:00]} {[%emt 00:00:33]}
58. Rxa3 {[%clk 00:18:21]} {[%emt 00:00:42]} Rxa3 {[%clk 00:13:58]} {[%emt
00:00:19]} 59. h8=Q {[%emt 00:00:16]} b1=Q {[%emt 00:00:24]} 60. Qh6 {[%clk
00:17:30]} {[%emt 00:00:24]} Qd3+ {[%clk 00:13:35]} {[%emt 00:00:38]} 61. Kf2
{[%clk 00:17:00]} {[%emt 00:00:39]} Ra2+ {[%clk 00:13:26]} {[%emt 00:00:31]}
62. Ke1 {[%clk 00:16:51]} {[%emt 00:00:21]} Qxg3+ {[%clk 00:13:27]} {[%emt
00:00:15]} 63. Kd1 {[%clk 00:16:57]} {[%emt 00:00:08]} Qg1# {[%clk 00:13:31]}
{[%emt 00:00:14]} 0-1